[Event "Oberliga Bayern 2122"]
[Site "Bayern"]
[Date "2022.03.13"]
[Round "6.4"]
[White "Hinterreiter, Markus"]
[Black "Pohl Kuemmel, Jens Uwe"]
[Result "1/2-1/2"]
[WhiteElo "2217"]
[BlackElo "2225"]
[PlyCount "92"]
[EventDate "2021.10.24"]
[EventType "team-tourn"]
[EventRounds "9"]
[EventCountry "GER"]
[SourceTitle "EXT 2024"]
[Source "ChessBase"]
[SourceDate "2023.10.10"]
[SourceVersion "1"]
[SourceVersionDate "2023.10.10"]
[SourceQuality "1"]
[WhiteTeam "Trostberg"]
[BlackTeam "Regensburg Post/Sued"]
[WhiteTeamCountry "GER"]
[BlackTeamCountry "GER"]

1. e4 c5 2. Nf3 d6 3. Bb5+ Bd7 4. Bxd7+ Qxd7 5. c4 Nc6 6. Nc3 g6 7. d4 cxd4 8. Nxd4 Bg7 9. Be3 Nf6 10. f3 0-0 11. 0-0 Rfc8 12. b3 Qd8 13. Qd2 Qa5 14. Rfd1 a6 15. Nxc6 Rxc6 16. Bd4 b5 17. Bxf6 Bxf6 18. Nd5 Qxd2 19. Nxf6+ Kg7 20. Rxd2 Kxf6 21. cxb5 axb5 22. Rd5 Rc2 23. Rxb5 Rb2 24. Rb4 Raxa2 25. Rxa2 Rxa2 26. h4 Rb2 27. Kh2 Ke6 28. h5 Kf6 29. hxg6 hxg6 30. Kg3 Ke6 31. f4 f5 32. Kf3 Rc2 33. g3 Kf6 34. exf5 gxf5 35. Rb6 Rc3+ 36. Kf2 Ke6 37. Rb7 d5 38. Rb6+ Kd7 39. Rb7+ Kd6 40. b4 Rb3 41. Rb8 Kc7 42. Rf8 e6 43. Re8 Kd7 44. Rb8 Kc7 45. Re8 Kd7 46. Rb8 Kc7 1/2-1/2

[Event "Oberliga Bayern 2122"]
[Site "Bayern"]
[Date "2021.11.14"]
[Round "2.3"]
[White "Pohl Kuemmel, Jens Uwe"]
[Black "Pieper, Thomas"]
[Result "1/2-1/2"]
[WhiteElo "2225"]
[BlackElo "2223"]
[PlyCount "95"]
[EventDate "2021.10.24"]
[EventType "team-tourn"]
[EventRounds "9"]
[EventCountry "GER"]
[SourceTitle "EXT 2023"]
[Source "ChessBase"]
[SourceDate "2022.10.05"]
[SourceVersion "1"]
[SourceVersionDate "2022.10.05"]
[SourceQuality "1"]
[WhiteTeam "Regensburg Post/Sued"]
[BlackTeam "Groebenzell"]
[WhiteTeamCountry "GER"]
[BlackTeamCountry "GER"]

1. Nf3 Nf6 2. c4 g6 3. g3 Bg7 4. Bg2 0-0 5. Nc3 d6 6. 0-0 c5 7. d4 Nc6 8. h3 cxd4 9. Nxd4 Nxd4 10. Qxd4 Be6 11. Qh4 Rc8 12. b3 Rc5 13. Bd2 Rh5 14. Qd4 Nd5 15. Qd3 Nxc3 16. Bxc3 Bxc3 17. Qxc3 Bxh3 18. Bxh3 Rxh3 19. Rad1 Qc8 20. Kg2 Rh5 21. Rh1 Rxh1 22. Rxh1 Qe6 23. Qf3 Rb8 24. Rh4 f5 25. e4 fxe4 26. Rxe4 Qd7 27. Qe3 Qc6 28. f3 e5 29. Qxa7 Rf8 30. Qe3 Rf7 31. Qd3 Rd7 32. Re2 Rf7 33. Rd2 Rf6 34. Qd5+ Kf8 35. b4 Ke7 36. a3 Rf8 37. c5 Qxd5 38. Rxd5 dxc5 39. Rxe5+ Kd6 40. Rxc5 Ra8 41. Rc3 b6 42. Kf2 Ra7 43. Ke3 Kd5 44. Kd3 h5 45. f4 Rf7 46. Ke3 Ra7 47. Kd3 Rf7 48. Ke3 1/2-1/2

[Event "Oberliga Bayern 1920"]
[Site "Bayern"]
[Date "2020.02.09"]
[Round "6.4"]
[White "Kilgus, Georg"]
[Black "Pohl Kuemmel, Jens Uwe"]
[Result "1-0"]
[WhiteElo "2436"]
[BlackElo "2214"]
[PlyCount "59"]
[EventDate "2019.10.20"]
[EventType "team-tourn"]
[EventRounds "9"]
[EventCountry "GER"]
[SourceTitle "EXT 2022"]
[Source "ChessBase"]
[SourceDate "2021.10.06"]
[SourceVersion "1"]
[SourceVersionDate "2021.10.06"]
[SourceQuality "1"]
[WhiteTeam "Regensburg Bavaria"]
[BlackTeam "Regensburg Post/Sued"]
[WhiteTeamCountry "GER"]
[BlackTeamCountry "GER"]

1. d4 d6 2. e4 Nf6 3. Nc3 g6 4. g3 Bg7 5. Bg2 0-0 6. Nge2 e5 7. 0-0 Nc6 8. dxe5 dxe5 9. Bg5 Qxd1 10. Raxd1 Nb4 11. Rd2 c6 12. Rfd1 Be6 13. Nc1 Na6 14. f3 Rfc8 15. Bf1 Nc7 16. a4 Nfe8 17. Nd3 Na6 18. Be3 Rd8 19. Kf2 f6 20. b4 Bf8 21. b5 Nb4 22. Nc5 Rxd2+ 23. Rxd2 Bxc5 24. Bxc5 a5 25. Bb6 Kf7 26. Nd1 cxb5 27. Bxb5 Nc6 28. Ne3 Rc8 29. Nc4 Nd4 30. Bxe8+ 1-0

[Event "Oberliga Bayern 1920"]
[Site "Bayern"]
[Date "2019.11.24"]
[Round "3.4"]
[White "Prediger, Rupert"]
[Black "Pohl Kuemmel, Jens Uwe"]
[Result "0-1"]
[WhiteElo "2195"]
[BlackElo "2214"]
[PlyCount "82"]
[EventDate "2019.10.20"]
[EventType "team-tourn"]
[EventRounds "9"]
[EventCountry "GER"]
[SourceTitle "EXT 2021"]
[Source "ChessBase"]
[SourceDate "2020.10.23"]
[SourceVersion "1"]
[SourceVersionDate "2020.10.23"]
[SourceQuality "1"]
[WhiteTeam "Pang/Rosenheim"]
[BlackTeam "Regensburg Post/Sued"]
[WhiteTeamCountry "GER"]
[BlackTeamCountry "GER"]

1. e4 d6 2. d4 g6 3. Nc3 Bg7 4. Be3 c6 5. Qd2 b5 6. Bd3 Nd7 7. Nf3 Qc7 8. 0-0 Bb7 9. a4 b4 10. Ne2 a5 11. c3 bxc3 12. Nxc3 Ngf6 13. Rfc1 0-0 14. h3 Qd8 15. Qe2 e5 16. dxe5 dxe5 17. Rd1 Qe7 18. Rd2 Nc5 19. Bxc5 Qxc5 20. Rad1 Bh6 21. Rc2 Qe7 22. Bc4 Rfd8 23. Ne1 Rxd1 24. Qxd1 Rd8 25. Nd3 Rd4 26. Ne2 Rd6 27. Nc3 Kg7 28. Re2 Bc8 29. Qc2 Rd4 30. b3 Nh5 31. Re1 Qg5 32. Kh2 Nf4 33. f3 Be6 34. Rd1 Bxc4 35. bxc4 Rxc4 36. Ne1 Ne6 37. Qd3 Rd4 38. Qe2 Rd2 39. Qf1 Qe3 40. Rxd2 Qxd2 41. Ne2 Be3 0-1

[Event "Arber op 8th"]
[Site "Bodenmais"]
[Date "2019.08.04"]
[Round "9"]
[White "Pohl Kuemmel, Jens Uwe"]
[Black "Malditz, Dieter"]
[Result "1/2-1/2"]
[WhiteElo "2288"]
[BlackElo "1869"]
[PlyCount "35"]
[EventDate "2019.07.27"]
[EventType "swiss"]
[EventRounds "9"]
[EventCountry "GER"]
[SourceTitle "CBM 191 Extra"]
[Source "ChessBase"]
[SourceDate "2019.09.30"]
[SourceVersion "1"]
[SourceVersionDate "2019.09.30"]
[SourceQuality "1"]

1. Nf3 d5 2. d4 Nf6 3. c4 e6 4. g3 Be7 5. Bg2 Nbd7 6. Qc2 c6 7. 0-0 0-0 8. Bg5 Ne4 9. Bxe7 Qxe7 10. Nc3 Nxc3 11. Qxc3 f5 12. Rad1 Nf6 13. Ne5 Ne4 14. Qc2 Bd7 15. b4 a6 16. a4 Nd6 17. e3 Nf7 18. Nxf7 1/2-1/2

[Event "Arber op 8th"]
[Site "Bodenmais"]
[Date "2019.07.31"]
[Round "5"]
[White "Pohl Kuemmel, Jens Uwe"]
[Black "Fauth, Dietmar"]
[Result "1/2-1/2"]
[WhiteElo "2288"]
[BlackElo "2122"]
[PlyCount "98"]
[EventDate "2019.07.27"]
[EventType "swiss"]
[EventRounds "9"]
[EventCountry "GER"]
[SourceTitle "CBM 191 Extra"]
[Source "ChessBase"]
[SourceDate "2019.09.30"]
[SourceVersion "1"]
[SourceVersionDate "2019.09.30"]
[SourceQuality "1"]

1. d4 Nf6 2. c4 e6 3. Nf3 d5 4. Nc3 dxc4 5. e3 a6 6. a4 b6 7. Bxc4 Bb7 8. 0-0 Bb4 9. Qe2 Nbd7 10. Rd1 0-0 11. Bd3 Qe7 12. e4 e5 13. dxe5 Nxe5 14. Nxe5 Qxe5 15. f4 Bc5+ 16. Kh1 Qh5 17. Qxh5 Nxh5 18. e5 Rad8 19. Be2 g6 20. Rxd8 Rxd8 21. f5 f6 22. exf6 Nxf6 23. Bg5 Kg7 24. fxg6 Kxg6 25. Bf4 Rd7 26. Rf1 h5 27. h3 h4 28. Bd1 Nh5 29. Bc2+ Kg7 30. Be5+ Kh6 31. Rd1 Rf7 32. Be4 Bxe4 33. Nxe4 Re7 34. Nxc5 bxc5 35. Re1 Kg6 36. Bc3 Ng3+ 37. Kg1 Rf7 38. Be5 Rd7 39. Kf2 Rd2+ 40. Kf3 Nf5 41. Re4 Rd3+ 42. Ke2 Rb3 43. Rg4+ Kf7 44. Bc3 Ke6 45. Re4+ Kd6 46. Kd3 Rb8 47. Rf4 Ke6 48. Re4+ Kd6 49. Rf4 Ke6 1/2-1/2

[Event "Arber op 8th"]
[Site "Bodenmais"]
[Date "2019.07.28"]
[Round "2"]
[White "Strangmueller, Andreas"]
[Black "Pohl Kuemmel, Jens Uwe"]
[Result "0-1"]
[WhiteElo "1968"]
[BlackElo "2288"]
[PlyCount "28"]
[EventDate "2019.07.27"]
[EventType "swiss"]
[EventRounds "9"]
[EventCountry "GER"]
[SourceTitle "CBM 191 Extra"]
[Source "ChessBase"]
[SourceDate "2019.09.30"]
[SourceVersion "1"]
[SourceVersionDate "2019.09.30"]
[SourceQuality "1"]

1. d4 Nf6 2. Nf3 d6 3. c4 g6 4. Nc3 Bg7 5. e4 0-0 6. Be2 Na6 7. 0-0 e5 8. d5 Nc5 9. Qc2 a5 10. b3 Bd7 11. Rb1 Nfxe4 12. Nxe4 Nxe4 13. a3 Nc5 14. Qd1 a4 0-1

[Event "Arber op 8th"]
[Site "Bodenmais"]
[Date "2019.07.27"]
[Round "1"]
[White "Pohl Kuemmel, Jens Uwe"]
[Black "Tober, Julian"]
[Result "1-0"]
[WhiteElo "2288"]
[BlackElo "1796"]
[PlyCount "83"]
[EventDate "2019.07.27"]
[EventType "swiss"]
[EventRounds "9"]
[EventCountry "GER"]
[SourceTitle "CBM 191 Extra"]
[Source "ChessBase"]
[SourceDate "2019.09.30"]
[SourceVersion "1"]
[SourceVersionDate "2019.09.30"]
[SourceQuality "1"]

1. d4 Nf6 2. Nf3 d5 3. c4 e6 4. g3 c6 5. Qc2 Nbd7 6. Bg2 Be7 7. 0-0 0-0 8. Nbd2 b6 9. e4 dxe4 10. Nxe4 Bb7 11. Rd1 Nxe4 12. Qxe4 Nf6 13. Qe2 Bd6 14. b3 a5 15. a4 Ra7 16. Bb2 Re8 17. Rac1 Qa8 18. c5 Bc7 19. Ne5 Nd5 20. cxb6 Bxb6 21. Qh5 g6 22. Qh6 f6 23. Nc4 Bc7 24. Ba3 Qd8 25. Bc5 Ra8 26. Re1 Qd7 27. h4 Ba6 28. Bh3 Bxc4 29. bxc4 Nb4 30. Qd2 Bd6 31. Bxd6 Qxd6 32. Rcd1 Rad8 33. Qe2 Kf7 34. h5 g5 35. Qe4 f5 36. Bxf5 exf5 37. Qxf5+ Qf6 38. Qxh7+ Kf8 39. Qa7 Rxe1+ 40. Rxe1 Nd3 41. Re2 Qf3 42. Qe7+ 1-0

[Event "Oberliga Bayern 1819"]
[Site "Bayern"]
[Date "2019.03.24"]
[Round "8.4"]
[White "Pohl Kuemmel, Jens Uwe"]
[Black "Schulz, Lukas"]
[Result "1/2-1/2"]
[WhiteElo "2305"]
[BlackElo "2304"]
[PlyCount "95"]
[EventDate "2018.10.21"]
[EventType "team-tourn"]
[EventRounds "9"]
[EventCountry "GER"]
[SourceTitle "EXT 2020"]
[Source "ChessBase"]
[SourceDate "2019.10.17"]
[SourceVersion "1"]
[SourceVersionDate "2019.10.17"]
[SourceQuality "1"]
[WhiteTeam "Regensburg Post/Sued"]
[BlackTeam "Erlangen SC"]
[WhiteTeamCountry "GER"]
[BlackTeamCountry "GER"]

1. Nf3 Nf6 2. c4 g6 3. Nc3 Bg7 4. e4 d6 5. d4 0-0 6. Be2 e5 7. dxe5 dxe5 8. Qxd8 Rxd8 9. Bg5 c6 10. Nd2 Be6 11. 0-0-0 Re8 12. f3 a5 13. Na4 Nfd7 14. Nb3 Na6 15. Rxd7 Bxd7 16. Nb6 a4 17. Na1 Be6 18. Nxa8 Rxa8 19. Rd1 f6 20. Be3 Bf8 21. Nc2 Kf7 22. g4 Be7 23. Ne1 Rh8 24. Nd3 Kg7 25. b3 Rb8 26. Bb6 g5 27. Kc2 c5 28. Kc3 a3 29. Kc2 Rc8 30. Kb1 Kf7 31. Ba5 Nb8 32. h4 h6 33. h5 Nc6 34. Bc3 Nd4 35. Bxd4 exd4 36. Ne1 Ra8 37. Bd3 Bd6 38. Nc2 b6 39. Re1 Bf4 40. Rd1 Ke7 41. Ne1 Kd6 42. Be2 Be3 43. Kc2 Ra5 44. Rb1 Bd7 45. Nd3 Be8 46. Bf1 Bc6 47. Be2 b5 48. Ne1 1/2-1/2

[Event "GER CupT 1819 prel"]
[Site "Germany"]
[Date "2019.03.17"]
[Round "2.1"]
[White "Pohl Kuemmel, Jens Uwe"]
[Black "Kuzubov, Yuriy"]
[Result "0-1"]
[WhiteElo "2302"]
[BlackElo "2644"]
[PlyCount "60"]
[EventDate "2019.03.16"]
[EventType "team-k.o."]
[EventRounds "2"]
[EventCountry "GER"]
[SourceTitle "CBM 189 Extra"]
[Source "ChessBase"]
[SourceDate "2019.06.03"]
[SourceVersion "1"]
[SourceVersionDate "2019.06.03"]
[SourceQuality "1"]
[WhiteTeam "Regensburg Post/Sued"]
[BlackTeam "Bad Emstal/Wolfhagen"]
[WhiteTeamCountry "GER"]
[BlackTeamCountry "GER"]

1. d4 Nf6 2. Nf3 c5 3. e3 g6 4. Be2 Bg7 5. 0-0 b6 6. Nbd2 0-0 7. b3 cxd4 8. Nxd4 d5 9. Bb2 Bb7 10. c4 e5 11. N4f3 e4 12. Nd4 Nbd7 13. Rc1 Qe7 14. cxd5 Nxd5 15. Nc4 Nc5 16. a3 Rad8 17. Qc2 Nf4 18. exf4 Bxd4 19. Rcd1 Nd3 20. Bxd4 Rxd4 21. Bxd3 exd3 22. Qd2 Rfd8 23. Rde1 Qf6 24. g3 g5 25. Re3 gxf4 26. gxf4 Rxf4 27. Rg3+ Kh8 28. Re1 Qc6 29. f3 Rxf3 30. Rg4 Rf6 0-1

[Event "GER CupT 1819 prel"]
[Site "Germany"]
[Date "2019.03.16"]
[Round "1.2"]
[White "Pogan, Nikolas"]
[Black "Pohl Kuemmel, Jens Uwe"]
[Result "1-0"]
[WhiteElo "2270"]
[BlackElo "2302"]
[PlyCount "93"]
[EventDate "2019.03.16"]
[EventType "team-k.o."]
[EventRounds "2"]
[EventCountry "GER"]
[SourceTitle "CBM 189 Extra"]
[Source "ChessBase"]
[SourceDate "2019.06.03"]
[SourceVersion "1"]
[SourceVersionDate "2019.06.03"]
[SourceQuality "1"]
[WhiteTeam "Heilbronn"]
[BlackTeam "Regensburg Post/Sued"]
[WhiteTeamCountry "GER"]
[BlackTeamCountry "GER"]

1. d4 d6 2. Nf3 g6 3. g3 Bg7 4. Bg2 Nf6 5. c4 0-0 6. Nc3 Nbd7 7. 0-0 e5 8. h3 Re8 9. e4 a6 10. Re1 c6 11. a4 a5 12. Be3 exd4 13. Nxd4 Nc5 14. Qc2 Nfd7 15. Rad1 Qb6 16. Bf1 Qb4 17. Kh2 h5 18. f4 Nf6 19. Bf2 Bd7 20. e5 dxe5 21. fxe5 Nh7 22. Na2 Qxa4 23. Qxa4 Nxa4 24. b3 Nb2 25. Rd2 Rxe5 26. Rxe5 Bxe5 27. Nf3 Bf6 28. Rxd7 a4 29. b4 a3 30. Rxb7 Nd1 31. Bd4 Ng5 32. Bxf6 Nxf3+ 33. Kh1 Re8 34. Be2 Nf2+ 35. Kg2 Ne4 36. Bxf3 Nxf6 37. Ra7 Re3 38. Ra8+ Kg7 39. Kf2 Rb3 40. Bxc6 Rb2+ 41. Ke3 Rxa2 42. Kd4 g5 43. b5 h4 44. gxh4 gxh4 45. b6 Rb2 46. b7 a2 47. Rxa2 1-0

[Event "Oberliga Bayern 1819"]
[Site "Bayern"]
[Date "2018.11.11"]
[Round "2.3"]
[White "Pohl Kuemmel, Jens Uwe"]
[Black "Schenk, Andreas"]
[Result "1/2-1/2"]
[WhiteElo "2305"]
[BlackElo "2424"]
[PlyCount "137"]
[EventDate "2018.10.21"]
[EventType "team-tourn"]
[EventRounds "9"]
[EventCountry "GER"]
[SourceTitle "EXT 2020"]
[Source "ChessBase"]
[SourceDate "2019.10.17"]
[SourceVersion "1"]
[SourceVersionDate "2019.10.17"]
[SourceQuality "1"]
[WhiteTeam "Regensburg Post/Sued"]
[BlackTeam "Bayern Muenchen II"]
[WhiteTeamCountry "GER"]
[BlackTeamCountry "GER"]

1. d4 Nf6 2. Nf3 e6 3. g3 d5 4. Bg2 b5 5. 0-0 c5 6. dxc5 Bxc5 7. b3 0-0 8. Bb2 Nbd7 9. Nbd2 Qb6 10. e3 Rd8 11. a4 b4 12. a5 Qd6 13. Re1 Bb7 14. c4 bxc3 15. Bxc3 Rab8 16. Qc2 Ba6 17. Qb2 Qe7 18. Ne5 Nxe5 19. Bxe5 Bd6 20. Rec1 Rdc8 21. Bxd6 Qxd6 22. Qd4 Rc7 23. Rxc7 Qxc7 24. b4 e5 25. Qb2 Qd6 26. Nf3 d4 27. exd4 e4 28. Ng5 Rxb4 29. Qa2 Qe7 30. Qd2 Bb7 31. Qf4 h6 32. Nh3 Bc6 33. Qe5 Qd7 34. Rd1 Ba4 35. Re1 Rxd4 36. Nf4 Qd6 37. Qxd6 Rxd6 38. Rb1 g5 39. Ne2 Bc2 40. Rc1 Rd2 41. Nc3 Bd3 42. Re1 Rc2 43. Nxe4 Bxe4 44. Bxe4 Ra2 45. Bd3 Rxa5 46. Re7 Kf8 47. Rb7 Rd5 48. Bb5 Re5 49. Bc4 Re7 50. Rb8+ Kg7 51. Kg2 Ng4 52. h3 Ne5 53. Bb5 Rc7 54. Ra8 Kf6 55. Re8 Rb7 56. Bf1 Rc7 57. Ba6 Rc2 58. Ra8 Ra2 59. Bb5 Ra5 60. Be2 Kg7 61. Kf1 Ra2 62. Bb5 h5 63. Re8 Kf6 64. Rh8 Kg6 65. f4 Nf3 66. Bd3+ Kf6 67. Rxh5 Nh2+ 68. Ke1 Nf3+ 69. Kf1 1/2-1/2

[Event "Oberliga Bayern 1718"]
[Site "Bayern"]
[Date "2018.02.25"]
[Round "7.5"]
[White "Pohl Kuemmel, Jens Uwe"]
[Black "Hiermann, Dietmar"]
[Result "1/2-1/2"]
[WhiteElo "2286"]
[BlackElo "2285"]
[PlyCount "44"]
[EventDate "2017.10.22"]
[EventType "team-tourn"]
[EventRounds "9"]
[EventCountry "GER"]
[SourceTitle "EXT 2020"]
[Source "ChessBase"]
[SourceDate "2019.10.17"]
[SourceVersion "1"]
[SourceVersionDate "2019.10.17"]
[SourceQuality "1"]
[WhiteTeam "Regensburg Post/Sued"]
[BlackTeam "Passau"]
[WhiteTeamCountry "GER"]
[BlackTeamCountry "GER"]

1. Nf3 Nf6 2. g3 e6 3. Bg2 Be7 4. 0-0 0-0 5. c4 d5 6. d4 Nbd7 7. Qc2 dxc4 8. Qxc4 a6 9. Qc2 c5 10. dxc5 Bxc5 11. Nc3 Qe7 12. b3 h6 13. Bb2 Rb8 14. Rad1 Re8 15. Nd4 Qf8 16. e3 b5 17. Nc6 Rb6 18. Ne4 Bb7 19. Nxc5 Qxc5 20. Qxc5 Nxc5 21. Ne5 Bxg2 22. Kxg2 Rb7 1/2-1/2

[Event "Oberliga Bayern 1718"]
[Site "Bayern"]
[Date "2018.02.04"]
[Round "6.5"]
[White "Berchtenbreiter, Maximilian"]
[Black "Pohl Kuemmel, Jens Uwe"]
[Result "1-0"]
[WhiteElo "2377"]
[BlackElo "2286"]
[PlyCount "73"]
[EventDate "2017.10.22"]
[EventType "team-tourn"]
[EventRounds "9"]
[EventCountry "GER"]
[SourceTitle "EXT 2020"]
[Source "ChessBase"]
[SourceDate "2019.10.17"]
[SourceVersion "1"]
[SourceVersionDate "2019.10.17"]
[SourceQuality "1"]
[WhiteTeam "Muenchen 36"]
[BlackTeam "Regensburg Post/Sued"]
[WhiteTeamCountry "GER"]
[BlackTeamCountry "GER"]

1. b3 Nf6 2. Bb2 e6 3. g3 d5 4. Bg2 Bc5 5. Nf3 0-0 6. 0-0 Nbd7 7. d3 Qe7 8. a3 c6 9. Nbd2 Rd8 10. e4 dxe4 11. dxe4 e5 12. Qe2 Ne8 13. Nc4 f6 14. Kh1 Nf8 15. Nh4 Nd6 16. Ne3 Be6 17. f4 Bd4 18. Bxd4 exd4 19. Ng4 Nb5 20. f5 Bf7 21. e5 fxe5 22. f6 gxf6 23. Nf5 Qc7 24. Nfh6+ Kh8 25. Nxe5 Bd5 26. Bxd5 Rxd5 27. Qg4 Ng6 28. Nxg6+ hxg6 29. Rxf6 Qh7 30. Nf7+ Kg7 31. Ng5 Qh5 32. Rf7+ Kg8 33. Qe6 Qxg5 34. Rf5+ Kg7 35. Qf7+ Kh6 36. Rxg5 Kxg5 37. Qf4+ 1-0

[Event "Oberliga Bayern 1718"]
[Site "Bayern"]
[Date "2017.10.22"]
[Round "1.5"]
[White "Pohl Kuemmel, Jens Uwe"]
[Black "Ulusoy, Tolga"]
[Result "1/2-1/2"]
[WhiteElo "2286"]
[BlackElo "2082"]
[PlyCount "99"]
[EventDate "2017.10.22"]
[EventType "team-tourn"]
[EventRounds "9"]
[EventCountry "GER"]
[SourceTitle "EXT 2020"]
[Source "ChessBase"]
[SourceDate "2019.10.17"]
[SourceVersion "1"]
[SourceVersionDate "2019.10.17"]
[SourceQuality "1"]
[WhiteTeam "Regensburg Post/Sued"]
[BlackTeam "Nuernberg NT II"]
[WhiteTeamCountry "GER"]
[BlackTeamCountry "GER"]

1. Nf3 g6 2. d4 c5 3. c4 Bg7 4. e4 Nc6 5. d5 Nd4 6. Nxd4 cxd4 7. Bd3 d6 8. 0-0 Nf6 9. h3 0-0 10. f4 Nd7 11. Nd2 Nc5 12. Nf3 Qb6 13. Kh1 e5 14. dxe6 fxe6 15. e5 Bd7 16. exd6 a5 17. Ne5 Qxd6 18. Nxd7 Qxd7 19. b3 e5 20. Ba3 b6 21. Bxc5 bxc5 22. Qf3 exf4 23. Rae1 a4 24. Be4 Ra6 25. Bd5+ Kh8 26. Re4 g5 27. Rfe1 axb3 28. axb3 Qf5 29. Re7 Rh6 30. Kg1 d3 31. Be4 Bd4+ 32. Kf1 Qf6 33. Bxd3 Be3 34. Qb7 Qd4 35. Rxh7+ Kg8 36. Rd7 Qb2 37. Qf3 Rh4 38. Be2 Qf6 39. Qd5+ Kh8 40. Qd6 Qxd6 41. Rxd6 Rb8 42. Rd3 Rh6 43. Ra1 Bd4 44. Bf3 Rhb6 45. Ra8 Kg7 46. Rxb8 Rxb8 47. Bd5 Kf6 48. Ke2 Re8+ 49. Kd2 Kf5 50. Bf3 1/2-1/2

[Event "Oberliga Bayern 1617"]
[Site "Bayern"]
[Date "2017.04.30"]
[Round "9.5"]
[White "Babiy, Olga"]
[Black "Pohl Kuemmel, Jens Uwe"]
[Result "1-0"]
[WhiteElo "2302"]
[BlackElo "2223"]
[PlyCount "53"]
[EventDate "2016.10.16"]
[EventType "team-tourn"]
[EventRounds "9"]
[EventCountry "GER"]
[SourceTitle "EXT 2019"]
[Source "ChessBase"]
[SourceDate "2018.10.10"]
[SourceVersion "1"]
[SourceVersionDate "2018.10.10"]
[SourceQuality "1"]
[WhiteTeam "Muenchen 36"]
[BlackTeam "Regensburg Post/Sued"]
[WhiteTeamCountry "GER"]
[BlackTeamCountry "GER"]

1. e4 d6 2. d4 g6 3. Nc3 Bg7 4. f4 Nf6 5. Nf3 0-0 6. Bd3 Na6 7. 0-0 c5 8. d5 Rb8 9. f5 Nc7 10. fxg6 fxg6 11. a4 b6 12. Qe1 Nd7 13. Qh4 Ne5 14. Bg5 Nxf3+ 15. Rxf3 Rxf3 16. gxf3 Bf6 17. f4 Qf8 18. Re1 Bb7 19. e5 dxe5 20. Bc4 Bxg5 21. Qxg5 Ne8 22. d6+ e6 23. Bxe6+ Kh8 24. Qxe5+ Nf6 25. d7 h6 26. Bf7 Kg7 27. Be8 1-0

[Event "Oberliga Bayern 1516"]
[Site "Bayern"]
[Date "2015.11.15"]
[Round "3.6"]
[White "Pohl Kuemmel, Jens Uwe"]
[Black "Frieser, Klaus"]
[Result "0-1"]
[WhiteElo "2225"]
[BlackElo "2112"]
[PlyCount "72"]
[EventDate "2015.10.11"]
[EventType "team-tourn"]
[EventRounds "9"]
[EventCountry "GER"]
[SourceTitle "EXT 2018"]
[Source "ChessBase"]
[SourceDate "2017.10.13"]
[SourceVersion "1"]
[SourceVersionDate "2017.10.13"]
[SourceQuality "1"]
[WhiteTeam "Regensburg Post/Sued"]
[BlackTeam "Kelheim"]
[WhiteTeamCountry "GER"]
[BlackTeamCountry "GER"]

1. d4 d5 2. Nf3 c6 3. c4 e6 4. Qc2 f5 5. Bf4 Nf6 6. e3 Be7 7. Nc3 Ne4 8. Be2 0-0 9. 0-0 Bd7 10. Rab1 Be8 11. b4 Nd7 12. Ne5 g5 13. Nxd7 Qxd7 14. Be5 Bf6 15. Bxf6 Rxf6 16. f3 Nxc3 17. Qxc3 f4 18. c5 Bg6 19. Rb3 Re8 20. b5 e5 21. bxc6 bxc6 22. Ba6 fxe3 23. dxe5 d4 24. Bc4+ Bf7 25. Bxf7+ Rxf7 26. Qc4 Rxe5 27. Rd3 Rd5 28. g3 Qf5 29. Kg2 Rxc5 30. Qb3 Rb5 31. Qa3 c5 32. Rb3 Rxb3 33. Qxb3 g4 34. f4 Qe4+ 35. Kg1 e2 36. Re1 d3 0-1

[Event "BL2-Ost 1415"]
[Site "Germany"]
[Date "2014.11.09"]
[Round "4.6"]
[White "Pohl Kuemmel, Jens Uwe"]
[Black "Wetscherek, Andreas"]
[Result "1/2-1/2"]
[WhiteElo "2273"]
[BlackElo "2352"]
[PlyCount "100"]
[EventDate "2014.10.18"]
[EventType "team-tourn"]
[EventRounds "10"]
[EventCountry "GER"]
[SourceTitle "CBM 166 Extra"]
[Source "ChessBase"]
[SourceDate "2015.06.18"]
[SourceVersion "1"]
[SourceVersionDate "2015.06.18"]
[SourceQuality "1"]
[WhiteTeam "Neutraubling Wacker"]
[BlackTeam "Bindlach Aktionaer"]
[WhiteTeamCountry "GER"]
[BlackTeamCountry "GER"]

1. d4 e6 2. Nf3 d5 3. c4 Nf6 4. Nc3 Be7 5. Bg5 c6 6. e3 Nbd7 7. Qc2 Nh5 8. Bxe7 Qxe7 9. Bd3 g6 10. 0-0 0-0 11. a3 dxc4 12. Bxc4 e5 13. Rad1 exd4 14. Nxd4 Ne5 15. Be2 Ng7 16. Rd2 Ne6 17. Rfd1 Re8 18. Nb3 Nf8 19. Qe4 Bf5 20. Qd4 Red8 21. Qc5 Qxc5 22. Nxc5 Rxd2 23. Rxd2 b6 24. N5e4 Be6 25. f4 Nc4 26. Bxc4 Bxc4 27. Nd6 Bb3 28. e4 Ne6 29. f5 Nc5 30. Kf2 Rd8 31. Ke3 f6 32. Rd4 Kf8 33. Nc4 Rxd4 34. Kxd4 Bc2 35. fxg6 hxg6 36. b4 Nd7 37. Nd2 Ke7 38. h4 Ke6 39. Ne2 Ne5 40. Kc3 Bd1 41. Nf4+ Kd6 42. Nc4+ Nxc4 43. Kxc4 g5 44. hxg5 fxg5 45. Nh3 g4 46. Nf2 Be2+ 47. Kd4 g3 48. e5+ Ke6 49. Ne4 Bf1 50. Nxg3 Bxg2 1/2-1/2

[Event "BL2-Ost 1415"]
[Site "Germany"]
[Date "2014.11.08"]
[Round "3.6"]
[White "Mueller, Matthias"]
[Black "Pohl Kuemmel, Jens Uwe"]
[Result "1/2-1/2"]
[WhiteElo "2386"]
[BlackElo "2273"]
[PlyCount "151"]
[EventDate "2014.10.18"]
[EventType "team-tourn"]
[EventRounds "10"]
[EventCountry "GER"]
[SourceTitle "CBM 166 Extra"]
[Source "ChessBase"]
[SourceDate "2015.06.18"]
[SourceVersion "1"]
[SourceVersionDate "2015.06.18"]
[SourceQuality "1"]
[WhiteTeam "Erfurt"]
[BlackTeam "Neutraubling Wacker"]
[WhiteTeamCountry "GER"]
[BlackTeamCountry "GER"]

1. e4 d6 2. d4 g6 3. Nc3 Bg7 4. Nf3 Nf6 5. Be2 0-0 6. 0-0 Bg4 7. Be3 Nc6 8. Qd2 e5 9. d5 Ne7 10. Rad1 Bd7 11. Ne1 b5 12. a3 a5 13. b4 axb4 14. axb4 Ra3 15. Bg5 Rxc3 16. Bxf6 Ra3 17. Bxg7 Kxg7 18. f4 f6 19. Nf3 Qb8 20. Kh1 Qb6 21. Bd3 h6 22. h3 exf4 23. Qxf4 g5 24. Qc1 Ra4 25. Qb2 Ng6 26. Nd4 Ne5 27. c3 Qa6 28. Qe2 Ra2 29. Qh5 Nxd3 30. Rxd3 Ra1 31. Rdf3 Rxf1+ 32. Rxf1 Qa2 33. h4 Qc4 34. Rf3 g4 35. Rg3 Qf1+ 36. Kh2 Kh7 37. Nf5 Qf4 38. Qxg4 Qxg4 39. Rxg4 Bxf5 40. exf5 Re8 41. Rg6 Re3 42. Rxf6 Rxc3 43. Rf7+ Kg8 44. Re7 Rc4 45. Kg3 h5 46. Kf3 Rxh4 47. Rxc7 Rd4 48. Rb7 Rxd5 49. Ke4 Rd2 50. g3 d5+ 51. Ke3 Rd1 52. Rxb5 Kf7 53. Kf4 Rd4+ 54. Ke5 Rg4 55. Rb7+ Kf8 56. Kxd5 Rxg3 57. Rh7 Rh3 58. b5 Kg8 59. Rc7 Rb3 60. Kc6 h4 61. Re7 h3 62. Re2 Kf7 63. b6 Kf6 64. Rf2 Rc3+ 65. Kd7 Rb3 66. Kc7 Rb1 67. b7 Rc1+ 68. Kb8 Rb1 69. Rh2 Rb3 70. Kc7 Rc3+ 71. Kd6 Rb3 72. Kc6 Rc3+ 73. Kd5 Rb3 74. Rxh3 Rxb7 75. Rh5 Rd7+ 76. Ke4 1/2-1/2